
Library Catalogue

| 000 -LEADER | |
|---|---|
| fixed length control field | 01079nam a2200205Ia 4500 |
| 005 - DATE AND TIME OF LATEST TRANSACTION | |
| control field | 20260505074259.0 |
| 008 - FIXED-LENGTH DATA ELEMENTS--GENERAL INFORMATION | |
| fixed length control field | 160316s2004 xxu||||| |||| 00| 0 eng d |
| 020 ## - INTERNATIONAL STANDARD BOOK NUMBER | |
| International Standard Book Number | 818038053X (pbk.) |
| 082 ## - DEWEY DECIMAL CLASSIFICATION NUMBER | |
| Classification number | 340.028 RAM |
| 100 ## - MAIN ENTRY--PERSONAL NAME | |
| Personal name | Ramachandran, Raju |
| 245 ## - TITLE STATEMENT | |
| Title | Professional ethics : |
| Remainder of title | changing profession, changing ethics / |
| Statement of responsibility, etc. | Raju Ramachandran |
| 260 ## - PUBLICATION, DISTRIBUTION, ETC. | |
| Place of publication, distribution, etc. | New Delhi : |
| Name of publisher, distributor, etc. | LexisNexis/Butterworths, |
| Date of publication, distribution, etc. | 2004. |
| 300 ## - PHYSICAL DESCRIPTION | |
| Extent | xvi, 160 p. ; |
| Other physical details | 23 cm. |
| 365 ## - TRADE PRICE | |
| Price amount | Rs.150 |
| 505 ## - Contents | |
| Contents | CHAPTER l: Introduction;<br/>CHAPTER 2: Fees and Retainers .<br/>CHAPTER 3: Lawyers and the Consumer Protection Act<br/>CHAPTER 4: Senior Counsel <br/>CHAPTER 5: World Trade Organisation and the Entry of Foreign Law Firms in India.. <br/>CHAPTER 6: The New Lawyer, and a New Approach to Ethics<br/>CHAPTER 7: Lawyers' Advertising in the United States <br/>CHAPTER 8: Future Trends: Multi-Disciplinary Practice, Limited liability Partnership<br/>CHAPTER 9: The Need for Time Management and Changes in Dress and Address |
| 650 ## - SUBJECT ADDED ENTRY--TOPICAL TERM | |
| Topical term or geographic name entry element | Legal profession |
| 650 ## - SUBJECT ADDED ENTRY--TOPICAL TERM | |
| Topical term or geographic name entry element | Professional ethics |
| 700 ## - ADDED ENTRY--PERSONAL NAME | |
| Personal name | |
| -- | |
| 942 ## - ADDED ENTRY ELEMENTS (KOHA) | |
| Source of classification or shelving scheme | Dewey Decimal Classification |
| Koha item type | BOOKs |
| Withdrawn status | Lost status | Source of classification or shelving scheme | Damaged status | Not for loan | Home library | Current library | Shelving location | Date acquired | Cost, normal purchase price | Total Checkouts | Full call number | Barcode | Date last seen | Price effective from | Koha item type |
|---|---|---|---|---|---|---|---|---|---|---|---|---|---|---|---|
| Dewey Decimal Classification | NLS | NLS | Library Compactors | 30/05/2017 | 150.00 | 340.028 RAM-1 | 19997 | 30/05/2017 | 30/05/2017 | BOOKs | |||||
| NLS | NLS | 30/05/2017 | 150.00 | 340.028 RAM-2 | 20010 | 14/06/2024 | 30/05/2017 | BOOKs | |||||||
| NLS | NLS | Library Compactors | 30/05/2017 | 150.00 | 340.028 RAM-3 | 21702 | 30/05/2017 | 30/05/2017 | BOOKs | ||||||
| NLS | NLS | 30/05/2017 | 150.00 | 340.028 RAM-4 | 21703 | 30/05/2017 | 30/05/2017 | BOOKs | |||||||
| NLS | NLS | NAB Compactor | 30/05/2017 | 150.00 | 340.028 RAM-5 | 28206 | 30/05/2017 | 30/05/2017 | BOOKs | ||||||
| NLS | NLS | NAB Compactor | 30/05/2017 | 150.00 | 340.028 RAM-6 | 28207 | 30/05/2017 | 30/05/2017 | BOOKs |